Statistics for Biggest Cities in North Carolina in 1950

Click here to take the quiz!

General Stats

  • This quiz has been taken 49 times
  • The average score is 13 of 20

Answer Stats

PopulationCountyAnswer% Correct
134,042MecklenburgCharlotte
100%
65,679WakeRaleigh
100%
74,389GuilfordGreensboro
97%
71,311DurhamDurham
95%
87,811ForsythWinston-Salem
95%
45,043New HanoverWilmington
87%
53,000BuncombeAsheville
84%
34,715CumberlandFayetteville
76%
39,973GuilfordHigh Point
71%
16,724PittGreenville
66%
23,069GastonGastonia
55%
16,486CabarrusConcord
53%
27,697Edgecombe
Nash
Rocky Mount
53%
24,560AlamanceBurlington
45%
15,812CravenNew Bern
45%
21,454WayneGoldsboro
34%
20,102RowanSalisbury
29%
16,901IredellStatesville
26%
23,010WilsonWilson
26%
18,336LenoirKinston
21%

Score Distribution

Percentile by Number Answered

Percent of People with Each Score

Your Score History

You have not taken this quiz